GARFIELD,THE GREAT LOVER (Record no. 5821)
[ view plain ]
| 000 -LEADER | |
|---|---|
| fixed length control field | 00330nam a22001457a 4500 |
| 020 ## - INTERNATIONAL STANDARD BOOK NUMBER | |
| ISBN | 0-906710-06-5 |
| 082 ## - DEWEY DECIMAL CLASSIFICATION NUMBER | |
| Classification number | 823 |
| Item number | DAV/C |
| 100 ## - MAIN ENTRY--AUTHOR NAME | |
| Personal name | DAVIS, JIM |
| 245 ## - TITLE STATEMENT | |
| Title | GARFIELD,THE GREAT LOVER |
| 246 ## - VARYING FORM OF TITLE | |
| Title proper/short title | WHY DO YOU HATE MONDAYS? |
| 260 ## - PUBLICATION, DISTRIBUTION, ETC. (IMPRINT) | |
| Place of publication | BRITIAN |
| Name of publisher | RAVETYTE BOOKS |
| Year of publication | 1993 |
| 520 ## - SUMMARY, ETC. | |
| Summary, etc | SHORT STORY |
| 650 ## - SUBJECT ADDED ENTRY--TOPICAL TERM | |
| Topical Term | V |
| 942 ## - ADDED ENTRY ELEMENTS (KOHA) | |
| Koha item type | Books |
| Withdrawn status | Lost status | Collection code | Home library | Current library | Shelving location | Date acquired | Source of acquisition | Full call number | Accession Number | Koha item type |
|---|---|---|---|---|---|---|---|---|---|---|
| Fiction | Main Library | Main Library | SHELF 15-I-CHILDREN'S STORYBOOKS | 22/07/2019 | Purchase | 823 DAV/C | 11437 | Books | ||
| Fiction | Main Library | Main Library | SHELF 15-I-CHILDREN'S STORYBOOKS | 22/07/2019 | Purchase | 823 DAV/C | 11438 | Books |